000 00751nam a2200253Ia 4500
003 OSt
005 20220928105942.0
006 a|||||r|||| 00| 0
007 ta
008 220927b |||||||| |||| 00| 0 san d
020 _c195
024 _a127238
037 _b4522, 24/11/2015, Meharchand Lachhmandas Publicaitons
_cTextual
040 _aSDCL
_cSDCL
_bsan
041 _2san
_asan
082 _aO15:gxE89,1, P4
100 _aPanshikar V. L. Shastri
_9417380
245 0 _aKaviyanushasanam
260 _aDelhi
_c2004
300 _a408p
_ccm.
650 _aSanskrit
_9391587
942 _hO15:gxE89,1, P4
_cTEXL
_2CC
999 _c733363
_d733363